000
00268nam a2200109Ia 4500
008
200302s9999 xx 000 0 und d
100
_a
Roberta M. Paine
245
_a
Looking At Architecture
260
_b
Lothrop, Lee & Shepard Co.
260
_c
1974
300
_a
127 P.,
999
_c
2242
_d
2242